[Event "TUR-chT 1st League"]
[Site "Konya"]
[Date "2022.08.25"]
[Round "6.5"]
[White "Kazimova, Narmin Nizami Qizi"]
[Black "Elma, Muge"]
[Result "1-0"]
[WhiteElo "2198"]
[BlackElo "1684"]
[PlyCount "85"]
[EventDate "2022.08.22"]
[EventType "team-swiss"]
[EventRounds "9"]
[EventCountry "TUR"]
[SourceTitle "CBM 209 Extra"]
[Source "ChessBase"]
[SourceDate "2022.09.30"]
[SourceVersion "1"]
[SourceVersionDate "2022.09.30"]
[SourceQuality "1"]
[WhiteTeam "Yalova Belediye"]
[BlackTeam "Varyant Genclik"]
[WhiteTeamCountry "TUR"]
[BlackTeamCountry "TUR"]

1. c4 Nf6 2. Nc3 d5 3. d4 g6 4. cxd5 Nxd5 5. e4 Nxc3 6. bxc3 Bg7 7. Nf3 c5 8. Be3 Nc6 9. Rc1 Qa5 10. Qd2 cxd4 11. cxd4 Qxd2+ 12. Kxd2 0-0 13. Bd3 Rd8 14. Rc4 Bg4 15. d5 Na5 16. Rc7 e6 17. h3 Bxf3 18. gxf3 exd5 19. Ke2 dxe4 20. fxe4 Bd4 21. Bg5 Rd6 22. Rhc1 Rc6 23. Rd7 Rxc1 24. Bxc1 Bb6 25. Bg5 Re8 26. Bf6 Nc6 27. Rxb7 Nd4+ 28. Kf1 Rc8 29. Ba6 Ne6 30. Kg2 Ra8 31. Bc4 Rf8 32. Bxe6 fxe6 33. Rg7+ Kh8 34. Rxg6+ Rxf6 35. Rxf6 e5 36. Rf7 Kg8 37. Re7 Bd4 38. Kg3 h6 39. f3 Kf8 40. Rh7 Be3 41. Kg4 Kg8 42. Re7 Bd4 43. Kf5 1-0

[Event "Balkan-ch U16 Girls"]
[Site "Tornelo INT"]
[Date "2020.10.31"]
[Round "4"]
[White "Ciolacu, Alessia Mihaela"]
[Black "Elma, Muge"]
[Result "1-0"]
[WhiteElo "1876"]
[BlackElo "1689"]
[PlyCount "55"]
[EventDate "2020.10.31"]
[EventType "swiss"]
[EventRounds "7"]
[EventCountry "NET"]
[SourceTitle "EXT 2023"]
[Source "ChessBase"]
[SourceDate "2022.10.05"]
[SourceVersion "1"]
[SourceVersionDate "2022.10.05"]
[SourceQuality "1"]

1. d4 Nf6 2. c4 g6 3. Nc3 d5 4. cxd5 Nxd5 5. e4 Nxc3 6. bxc3 Bg7 7. Nf3 c5 8. h3 0-0 9. Be2 Nc6 10. Be3 Qa5 11. 0-0 Rd8 12. d5 Bxc3 13. Rc1 b6 14. Rxc3 Qxc3 15. Bd2 Qf6 16. dxc6 Qxc6 17. Qc2 Bb7 18. Bc4 e6 19. Bg5 Re8 20. e5 Qe4 21. Qc1 Qf5 22. Bf6 Qh5 23. Nh2 g5 24. Bxg5 Qg6 25. Ng4 Rec8 26. Rd1 Rc7 27. Bd3 Qg7 28. Bh6 1-0

[Event "TUR-ch (Women)"]
[Site "Ankara"]
[Date "2020.03.07"]
[Round "8"]
[White "Elma, Muge"]
[Black "Hereklioglu, Sude"]
[Result "0-1"]
[WhiteElo "1702"]
[BlackElo "1952"]
[PlyCount "58"]
[EventDate "2020.03.02"]
[EventType "swiss"]
[EventRounds "9"]
[EventCountry "TUR"]
[SourceTitle "CBM 195 Extra"]
[Source "ChessBase"]
[SourceDate "2020.05.31"]
[SourceVersion "1"]
[SourceVersionDate "2020.05.31"]
[SourceQuality "1"]

1. d4 g6 2. c4 Bg7 3. g3 Nf6 4. Bg2 d6 5. Nf3 0-0 6. 0-0 c6 7. Nc3 Qa5 8. e4 e5 9. d5 cxd5 10. cxd5 b5 11. a3 b4 12. Na2 bxa3 13. Nc3 Qb4 14. Rxa3 Nxe4 15. Nxe4 Qxe4 16. Ng5 Qc4 17. Ra4 Qc7 18. Qb3 Bf5 19. Rc4 Qe7 20. g4 Bc8 21. Qc2 Nd7 22. Rc7 Qd8 23. Qc6 Nb6 24. h3 Ba6 25. Re1 Bb5 26. Qc2 Ba4 27. b3 Bxb3 28. Qc3 Bxd5 29. Ba3 Bxg2 0-1

[Event "TUR-ch (Women)"]
[Site "Ankara"]
[Date "2020.03.05"]
[Round "5"]
[White "Alagoz, Zumra Meryem"]
[Black "Elma, Muge"]
[Result "1/2-1/2"]
[WhiteElo "1518"]
[BlackElo "1702"]
[PlyCount "118"]
[EventDate "2020.03.02"]
[EventType "swiss"]
[EventRounds "9"]
[EventCountry "TUR"]
[SourceTitle "CBM 195 Extra"]
[Source "ChessBase"]
[SourceDate "2020.05.31"]
[SourceVersion "1"]
[SourceVersionDate "2020.05.31"]
[SourceQuality "1"]

1. e4 c5 2. c3 d5 3. exd5 Qxd5 4. d4 Bf5 5. Be3 Nc6 6. Nf3 e6 7. Be2 cxd4 8. cxd4 Bxb1 9. Qxb1 Bb4+ 10. Kf1 Nf6 11. Qd3 0-0 12. a3 Be7 13. h3 Rfd8 14. Qb5 a6 15. Qxd5 Nxd5 16. g3 Rd7 17. Kg2 Bf6 18. Rhd1 Rad8 19. Rd2 Nde7 20. Rad1 Nf5 21. g4 Nxe3+ 22. fxe3 h6 23. Bd3 g6 24. Be4 Ne7 25. Kf2 Bg7 26. Ke2 Rc7 27. Rc2 Rxc2+ 28. Bxc2 Rc8 29. Kd2 Kf8 30. Rc1 Nd5 31. Re1 Nb6 32. Bb3 Nc4+ 33. Bxc4 Rxc4 34. Rc1 Rxc1 35. Kxc1 Ke7 36. Kd2 e5 37. Kd3 exd4 38. exd4 Ke6 39. Ke4 f5+ 40. gxf5+ gxf5+ 41. Kf4 Bf8 42. Nh4 Bd6+ 43. Ke3 b5 44. Ng2 a5 45. h4 b4 46. axb4 axb4 47. Ne1 Kd5 48. Kd3 h5 49. b3 Be7 50. Nf3 f4 51. Ng5 Bf6 52. Nh3 f3 53. Nf4+ Kd6 54. Ke3 f2 55. Kxf2 Bxh4+ 56. Ke2 Bf6 57. Nxh5 Bxd4 58. Kd3 Kc5 59. Nf4 Bc3 1/2-1/2

[Event "TUR-ch U13-U18 Girls"]
[Site "Antalya"]
[Date "2020.01.22"]
[Round "6"]
[White "Elma, Muge"]
[Black "Koc, Azra Ece"]
[Result "0-1"]
[WhiteElo "1702"]
[BlackElo "1806"]
[PlyCount "100"]
[EventDate "2020.01.19"]
[EventType "swiss"]
[EventRounds "11"]
[EventCountry "TUR"]
[SourceTitle "CBM 195 Extra"]
[Source "ChessBase"]
[SourceDate "2020.05.31"]
[SourceVersion "1"]
[SourceVersionDate "2020.05.31"]
[SourceQuality "1"]

1. d4 Nf6 2. c4 e6 3. g3 d5 4. Nf3 Be7 5. Bg2 0-0 6. 0-0 c6 7. Qc2 b6 8. Rd1 Nbd7 9. b3 Ba6 10. Nbd2 Rc8 11. e4 dxe4 12. Nxe4 Nxe4 13. Qxe4 Nf6 14. Qc2 Qe8 15. c5 Nd5 16. a3 Bf6 17. Bb2 Qe7 18. b4 Qc7 19. Rac1 Rfe8 20. Re1 Bb5 21. Qb3 bxc5 22. dxc5 Bxb2 23. Qxb2 a5 24. Nd4 Rb8 25. Bxd5 cxd5 26. Qd2 axb4 27. axb4 Bc4 28. Ra1 g6 29. Nc2 Qb7 30. Qc3 Bb5 31. Ra5 Ra8 32. Rea1 Rxa5 33. Rxa5 e5 34. Na3 d4 35. Qd2 Bd7 36. b5 Qd5 37. Nc2 Qxc5 38. Ne1 Bxb5 39. Qb2 Rb8 40. Nd3 Qc4 41. Rxb5 Qxb5 42. Qe2 Re8 43. f3 Qd5 44. Nf4 Qc6 45. Nd3 e4 46. fxe4 Rxe4 47. Qg2 Qe8 48. h4 Re2 49. Qf3 Qe3+ 50. Qxe3 Rxe3 0-1

[Event "TUR-chT 1st League"]
[Site "Konya"]
[Date "2019.07.24"]
[Round "4.11"]
[White "Sahin, Sena"]
[Black "Elma, Muge"]
[Result "0-1"]
[WhiteElo "1217"]
[BlackElo "1639"]
[PlyCount "122"]
[EventDate "2019.07.22"]
[EventType "team-swiss"]
[EventRounds "9"]
[EventCountry "TUR"]
[SourceTitle "CBM 191 Extra"]
[Source "ChessBase"]
[SourceDate "2019.09.30"]
[SourceVersion "1"]
[SourceVersionDate "2019.09.30"]
[SourceQuality "1"]
[WhiteTeam "Ankara DSI Genclik"]
[BlackTeam "Kahramanmaras CC"]
[WhiteTeamCountry "TUR"]
[BlackTeamCountry "TUR"]

1. d4 Nf6 2. c4 g6 3. Nc3 d5 4. e3 Bg7 5. Nf3 0-0 6. b3 dxc4 7. Bxc4 c5 8. 0-0 a6 9. Bb2 b5 10. Bd3 cxd4 11. Nxd4 Bb7 12. Qe2 e5 13. Ndxb5 axb5 14. Bxb5 Qe7 15. Rfd1 Nc6 16. Bc4 Rfd8 17. Rac1 h5 18. Na4 Rxd1+ 19. Rxd1 Rd8 20. Rxd8+ Nxd8 21. h3 Ne4 22. Nc3 Nxc3 23. Bxc3 Qg5 24. f3 Qe7 25. Qd3 e4 26. fxe4 Bxc3 27. Qxc3 Qxe4 28. Qd2 Ne6 29. a4 Nc5 30. Kh2 Qc6 31. Qd8+ Kh7 32. Qg5 f6 33. Qg3 Ne4 34. Qf3 Qd6+ 35. Kg1 f5 36. Qe2 Nc3 37. Qf1 Nd1 38. Qe2 Qg3 39. Ba6 Bxa6 40. Qxd1 Qxe3+ 41. Kh1 Qe4 42. Qd7+ Kh6 43. Qf7 Qd4 44. Qf8+ Qg7 45. Qxg7+ Kxg7 46. Kg1 Kf6 47. Kf2 Ke5 48. b4 Kd5 49. g3 g5 50. Kf3 g4+ 51. hxg4 hxg4+ 52. Kf4 Bd3 53. b5 Kc5 54. Ke5 Be4 55. Kf4 Kb6 56. Ke5 Ka5 57. Kf4 Kxa4 58. b6 Kb5 59. b7 Bxb7 60. Kxf5 Bf3 61. Kf4 Kc4 0-1

[Event "TUR-chT 1st League"]
[Site "Konya"]
[Date "2019.07.22"]
[Round "1.11"]
[White "Elma, Muge"]
[Black "Tanir, Simay"]
[Result "1-0"]
[WhiteElo "1639"]
[BlackElo "1463"]
[PlyCount "125"]
[EventDate "2019.07.22"]
[EventType "team-swiss"]
[EventRounds "9"]
[EventCountry "TUR"]
[SourceTitle "CBM 191 Extra"]
[Source "ChessBase"]
[SourceDate "2019.09.30"]
[SourceVersion "1"]
[SourceVersionDate "2019.09.30"]
[SourceQuality "1"]
[WhiteTeam "Kahramanmaras CC"]
[BlackTeam "Burdurspor Dernegi"]
[WhiteTeamCountry "TUR"]
[BlackTeamCountry "TUR"]

1. d4 e6 2. c4 f5 3. g3 Nf6 4. Bg2 c6 5. Nf3 d5 6. 0-0 Bd6 7. Bf4 Bxf4 8. gxf4 0-0 9. e3 Ne4 10. Nbd2 Nd7 11. Qe2 Ndf6 12. Ne5 Nxd2 13. Qxd2 Bd7 14. Qb4 b6 15. Qd6 Rc8 16. Rac1 Rc7 17. cxd5 Ne8 18. Qa3 exd5 19. Rc2 Nf6 20. Rfc1 Qc8 21. Qd6 Rd8 22. Nxd7 Rdxd7 23. Qe6+ Rf7 24. Qxc8+ Rxc8 25. Rxc6 Rxc6 26. Rxc6 Rd7 27. Bh3 Ng4 28. Bxg4 fxg4 29. Kg2 Kf7 30. Kg3 g6 31. Kxg4 h6 32. h4 Kg7 33. h5 gxh5+ 34. Kxh5 Rf7 35. Rg6+ Kf8 36. Kxh6 Rc7 37. Rf6+ Ke8 38. Re6+ Kf7 39. Rd6 Rc2 40. Kg5 Rxf2 41. Rxd5 Rxb2 42. Rd7+ Ke6 43. Rxa7 Rg2+ 44. Kh6 Kf6 45. Kh5 Re2 46. Ra3 Kf5 47. Kh4 Ke4 48. Kg5 b5 49. f5 Rg2+ 50. Kf6 Rf2 51. Ke6 Rxf5 52. Rb3 Rh5 53. Kd6 Rh2 54. a3 Rh5 55. Kc6 Rh8 56. Rxb5 Ra8 57. Re5+ Kd3 58. d5 Rxa3 59. d6 Ra6+ 60. Kc7 Ra7+ 61. Kd8 Ra8+ 62. Ke7 Ra7+ 63. d7 1-0

[Event "EU-ch U14 Girls 28th"]
[Site "Riga"]
[Date "2018.08.22"]
[Round "2.15"]
[White "Mkrtchyan, Mariam"]
[Black "Elma, Muge"]
[Result "1-0"]
[WhiteElo "1881"]
[BlackElo "1705"]
[PlyCount "91"]
[EventDate "2018.08.20"]
[EventType "swiss"]
[EventRounds "9"]
[EventCountry "LAT"]
[SourceTitle "CBM 186 Extra"]
[Source "ChessBase"]
[SourceDate "2018.08.24"]
[SourceVersion "1"]
[SourceVersionDate "2018.08.24"]
[SourceQuality "1"]

1. d4 Nf6 2. Nf3 g6 3. g3 Bg7 4. Bg2 0-0 5. 0-0 d5 6. c4 dxc4 7. Na3 c5 8. dxc5 Qc7 9. Bf4 Qxc5 10. Rc1 Nc6 11. Nxc4 Qd5 12. Nfe5 Qxd1 13. Rfxd1 Nxe5 14. Bxe5 Ne8 15. Bxg7 Kxg7 16. Na5 Rb8 17. Rd2 Nd6 18. e4 f6 19. f4 Nf7 20. Rc7 Re8 21. Bf1 Kf8 22. Bc4 Rd8 23. Rd5 Rxd5 24. Bxd5 Nd8 25. Nb3 Ne6 26. Rc1 Ke8 27. f5 gxf5 28. exf5 Ng5 29. Nd4 a6 30. Rc7 Kd8 31. Rc4 Ke8 32. Rb4 Nf7 33. Ne6 a5 34. Rg4 Nh6 35. Rh4 Nxf5 36. Rxh7 Kd7 37. Rh8 Kd6 38. Rd8+ Ke5 39. Nf4 Nd6 40. Bb3 f5 41. Rf8 a4 42. Ng6+ Ke4 43. Bc2+ Kd5 44. Nxe7+ Ke5 45. Nxf5 Nxf5 46. Bxf5 1-0

[Event "EU-ch U14 Girls 28th"]
[Site "Riga"]
[Date "2018.08.20"]
[Round "1.8"]
[White "Elma, Muge"]
[Black "Majoros, Rozsa Evelin"]
[Result "1-0"]
[WhiteElo "1705"]
[BlackElo "2051"]
[PlyCount "57"]
[EventDate "2018.08.20"]
[EventType "swiss"]
[EventRounds "9"]
[EventCountry "LAT"]
[SourceTitle "CBM 186 Extra"]
[Source "ChessBase"]
[SourceDate "2018.08.24"]
[SourceVersion "1"]
[SourceVersionDate "2018.08.24"]
[SourceQuality "1"]

1. d4 Nf6 2. c4 d6 3. Nf3 g6 4. Nc3 Bg7 5. e4 0-0 6. Be2 Nbd7 7. 0-0 e5 8. dxe5 dxe5 9. Qc2 c6 10. b4 Qc7 11. Bb2 Re8 12. Rfd1 Bf8 13. a3 a5 14. Qb3 Nb8 15. c5 b6 16. cxb6 Qxb6 17. Bc4 Ra7 18. Ng5 Ree7 19. Na4 Qc7 20. Nc5 Na6 21. Nd3 Kg7 22. Nf3 axb4 23. axb4 Qb6 24. Bxe5 Be6 25. Qc3 Bxc4 26. Bxf6+ Kg8 27. Bxe7 Bg7 28. Qxc4 Nxb4 29. Rxa7 1-0

[Event "TUR-chT 1st League"]
[Site "Konya"]
[Date "2017.07.21"]
[Round "7.7"]
[White "Mutlu, Beste"]
[Black "Elma, Muge"]
[Result "1/2-1/2"]
[WhiteElo "1712"]
[BlackElo "1513"]
[PlyCount "73"]
[EventDate "2017.07.17"]
[EventType "team-swiss"]
[EventRounds "9"]
[EventCountry "TUR"]
[SourceTitle "CBM 179 Extra"]
[Source "ChessBase"]
[SourceDate "2017.08.23"]
[SourceVersion "1"]
[SourceVersionDate "2017.08.23"]
[SourceQuality "1"]
[WhiteTeam "Manisa Turkuaz"]
[BlackTeam "Kahramanmaras CC"]
[WhiteTeamCountry "TUR"]
[BlackTeamCountry "TUR"]

1. e4 c5 2. Nf3 d6 3. d4 cxd4 4. Qxd4 Nc6 5. Bb5 Bd7 6. Bxc6 Bxc6 7. Nc3 Nf6 8. Bg5 e6 9. 0-0-0 Be7 10. Qd3 Qc7 11. h4 a6 12. Nd4 b5 13. Bxf6 gxf6 14. Kb1 Rc8 15. Nxc6 Qxc6 16. Ne2 Qc4 17. Nd4 Qxd3 18. Rxd3 Rg8 19. g3 Rg4 20. Re1 Bd8 21. Re2 Ke7 22. b3 Bb6 23. Kb2 d5 24. f3 dxe4 25. Rxe4 Rxe4 26. fxe4 Bxd4+ 27. Rxd4 h5 28. Rd3 a5 29. a3 Rc5 30. Rf3 Rc8 31. Rd3 Rc5 32. Rf3 Re5 33. Rf4 Rc5 34. Rf3 Rc6 35. Rd3 Rc5 36. Rf3 Re5 37. Rf4 1/2-1/2

[Event "TUR-chT 1st League"]
[Site "Konya"]
[Date "2017.07.20"]
[Round "6.8"]
[White "Elma, Muge"]
[Black "Celik, Akarsu Bengi"]
[Result "1-0"]
[WhiteElo "1513"]
[BlackElo "1475"]
[PlyCount "77"]
[EventDate "2017.07.17"]
[EventType "team-swiss"]
[EventRounds "9"]
[EventCountry "TUR"]
[SourceTitle "CBM 179 Extra"]
[Source "ChessBase"]
[SourceDate "2017.08.23"]
[SourceVersion "1"]
[SourceVersionDate "2017.08.23"]
[SourceQuality "1"]
[WhiteTeam "Kahramanmaras CC"]
[BlackTeam "Karsiyaka Ihtisas"]
[WhiteTeamCountry "TUR"]
[BlackTeamCountry "TUR"]

1. Nf3 g6 2. d4 Bg7 3. c4 d6 4. g3 b6 5. Bg2 Bb7 6. 0-0 Nf6 7. Nc3 0-0 8. Re1 Nbd7 9. e4 e5 10. d5 a5 11. b3 Nc5 12. Ba3 Nfd7 13. Qc2 Na6 14. Rad1 Ndc5 15. Bxc5 Nxc5 16. a3 Na6 17. Nd2 Bc8 18. Nf1 f5 19. exf5 Bxf5 20. Be4 Nc5 21. Bxf5 gxf5 22. Nd2 Qg5 23. Nf3 Qg4 24. Kg2 e4 25. Ng1 Nd3 26. Rxd3 exd3 27. Qxd3 Rae8 28. Rxe8 Rxe8 29. Nb5 Re7 30. f3 Qg5 31. Nh3 Qf6 32. Nf4 Qb2+ 33. Kh3 Rf7 34. Ng2 Qf2 35. f4 Rf6 36. Nh4 Rf7 37. Nxf5 Bf8 38. Nh4 Be7 39. Qf3 1-0

[Event "TUR-chT 1st League"]
[Site "Konya"]
[Date "2017.07.20"]
[Round "5.3"]
[White "Elma, Muge"]
[Black "Sahin, Hayrun Nisa"]
[Result "1-0"]
[WhiteElo "1513"]
[BlackElo "1576"]
[PlyCount "81"]
[EventDate "2017.07.17"]
[EventType "team-swiss"]
[EventRounds "9"]
[EventCountry "TUR"]
[SourceTitle "CBM 179 Extra"]
[Source "ChessBase"]
[SourceDate "2017.08.23"]
[SourceVersion "1"]
[SourceVersionDate "2017.08.23"]
[SourceQuality "1"]
[WhiteTeam "Kahramanmaras CC"]
[BlackTeam "Izmir Rota Koleji"]
[WhiteTeamCountry "TUR"]
[BlackTeamCountry "TUR"]

1. Nf3 c5 2. e3 d5 3. d4 cxd4 4. exd4 g6 5. c3 Nf6 6. Bd3 Bg7 7. 0-0 0-0 8. h3 Nc6 9. Re1 Re8 10. Bf4 Bd7 11. Nbd2 Rc8 12. Bh2 a6 13. Nb3 e6 14. Nc5 Qb6 15. Qb3 Qxb3 16. axb3 Nd8 17. Ne5 Bc6 18. b4 Ne4 19. Bxe4 dxe4 20. Nxc6 Rxc6 21. Rxe4 f5 22. Re2 Kf7 23. Rae1 Rc8 24. d5 e5 25. Bxe5 Bxe5 26. Rxe5 Rxe5 27. Rxe5 Kf6 28. Re3 a5 29. Nd7+ Kg5 30. Nb6 Rc7 31. bxa5 Nf7 32. Rg3+ Kh6 33. Re3 Kg5 34. f3 f4 35. Re4 Rc5 36. Re7 Nd6 37. h4+ Kh6 38. Rd7 Nf5 39. d6 Rxa5 40. Nc4 Ng3 41. Nxa5 1-0

[Event "TUR-chT 1st League"]
[Site "Konya"]
[Date "2017.07.18"]
[Round "2.7"]
[White "Elma, Muge"]
[Black "Baspinar, Lara"]
[Result "1-0"]
[WhiteElo "1513"]
[BlackElo "1652"]
[PlyCount "123"]
[EventDate "2017.07.17"]
[EventType "team-swiss"]
[EventRounds "9"]
[EventCountry "TUR"]
[SourceTitle "CBM 179 Extra"]
[Source "ChessBase"]
[SourceDate "2017.08.23"]
[SourceVersion "1"]
[SourceVersionDate "2017.08.23"]
[SourceQuality "1"]
[WhiteTeam "Kahramanmaras CC"]
[BlackTeam "Callica Burdur"]
[WhiteTeamCountry "TUR"]
[BlackTeamCountry "TUR"]

1. Nf3 c5 2. e3 Nc6 3. c4 e6 4. Nc3 d5 5. cxd5 exd5 6. d4 Nf6 7. dxc5 Bxc5 8. Bb5 0-0 9. Bxc6 bxc6 10. h3 Re8 11. 0-0 Qe7 12. Nd4 Bd7 13. b3 Bd6 14. Nf3 Ne4 15. Bb2 Ng5 16. Nxg5 Qxg5 17. f4 Qe7 18. Re1 Bc5 19. Qf3 Bf5 20. Qg3 f6 21. Kh2 Rab8 22. Na4 Bd6 23. Rac1 c5 24. Rcd1 c4 25. Rxd5 Be6 26. Bxf6 Qxf6 27. Rxd6 Qe7 28. Rd4 cxb3 29. axb3 Rxb3 30. Qg5 Qxg5 31. fxg5 Rb5 32. h4 Bb3 33. Nc3 Rc5 34. Ne4 Rce5 35. Nd2 Bd5 36. e4 Bf7 37. Nc4 Bg6 38. Nxe5 Rxe5 39. Rd8+ Kf7 40. Rd7+ Ke6 41. Rxa7 Bxe4 42. Rxg7 Kd5 43. Rd7+ Ke6 44. Rxe4 Rxe4 45. Rxh7 Kf5 46. Kh3 Re3+ 47. g3 Re2 48. Rf7+ Kg6 49. Rf6+ Kg7 50. h5 Kh7 51. g6+ Kh8 52. h6 Re8 53. g7+ Kg8 54. Rf8+ Rxf8 55. gxf8Q+ Kxf8 56. g4 Kf7 57. g5 Kg6 58. Kg4 Kf7 59. Kf5 Kg8 60. g6 Kf8 61. Kf6 Kg8 62. h7+ 1-0